000 00737nam a2200241Ia 4500
003 OSt
005 20221006155728.0
006 a|||||r|||| 00| 0
007 ta
008 221006b |||||||| |||| 00| 0 eng d
024 _a43,301
037 _cSeries Articles
040 _aEASL
_cEASL
_beng
041 _2eng
_aeng
100 _aPflugfelder Gregory
_9670165
245 0 _aNation-state, the age /gender system,and the reconstitution of Erotic desire in Nineteeth-Century Japan
260 _aCambridge
_bAssociation of Asian Studies (Cambridge University Press)
_c2012
300 _a963-974
_ccm.
490 _v71
650 _aJapan
_9235453
942 _cREF
_2CC
999 _c1111387
_d1111387